<?xml version="1.0" encoding="UTF-8"?>
<resp>
  <nextPage>https://data.bn.org.pl/api/networks/bibs.marcxml?marc=001+b00001150001926&amp;sinceId=1150001927</nextPage>
  <collection>
    <record xmlns='http://www.loc.gov/MARC21/slim'><leader>01201namZa2200349ZiZ4500</leader><controlfield tag='001'>b00001150001926</controlfield><controlfield tag='005'>20260403094846.4</controlfield><controlfield tag='008'>080220s2008    pl           |000 0 pol  </controlfield><controlfield tag='009'>9913261973405606</controlfield><datafield ind1=' ' ind2=' ' tag='020'><subfield code='a'>8373415769</subfield></datafield><datafield ind1=' ' ind2=' ' tag='035'><subfield code='a'>KR_1KR_1_20120317231415045470-48omnis_kr</subfield></datafield><datafield ind1=' ' ind2=' ' tag='035'><subfield code='a'>KR_1_20120317231415045470</subfield><subfield code='9'>ExL</subfield></datafield><datafield ind1=' ' ind2=' ' tag='035'><subfield code='a'>(PL)b00001150001926</subfield></datafield><datafield ind1=' ' ind2=' ' tag='040'><subfield code='a'>KR_1</subfield><subfield code='c'>KR_1</subfield><subfield code='d'>WA N</subfield></datafield><datafield ind1='0' ind2=' ' tag='041'><subfield code='a'>pol</subfield></datafield><datafield ind1='1' ind2=' ' tag='100'><subfield code='a'>Besala, Jerzy</subfield><subfield code='d'>(1951-2023)</subfield></datafield><datafield ind1='1' ind2='0' tag='245'><subfield code='a'>Najważniejsze wydarzenia w historii Polski /</subfield><subfield code='c'>Jerzy Besala ; [wybór il. Jerzy Besala].</subfield></datafield><datafield ind1=' ' ind2=' ' tag='260'><subfield code='a'>Poznań :</subfield><subfield code='b'>Podsiedlik-Raniowski i Spółka,</subfield><subfield code='c'>2004.</subfield></datafield><datafield ind1=' ' ind2=' ' tag='300'><subfield code='a'>128 s. :</subfield><subfield code='b'>il. (w tym kolor.), fot., mapy, portr. ;</subfield><subfield code='c'>28 cm.</subfield></datafield><datafield ind1=' ' ind2=' ' tag='380'><subfield code='a'>Książki</subfield></datafield><datafield ind1='1' ind2=' ' tag='490'><subfield code='a'>Edukacja Powszechna</subfield></datafield><datafield ind1=' ' ind2=' ' tag='500'><subfield code='a'>dd</subfield></datafield><datafield ind1='1' ind2=' ' tag='700'><subfield code='a'>Besala, Jerzy</subfield><subfield code='d'>(1951-2023)</subfield><subfield code='e'>Il.</subfield></datafield><datafield ind1=' ' ind2=' ' tag='852'><subfield code='b'>48OMNIS_NETWORK</subfield><subfield code='8'>9913261973405606</subfield></datafield><datafield ind1=' ' ind2=' ' tag='852'><subfield code='b'>48OMNIS_KR</subfield><subfield code='8'>991000019259708216</subfield></datafield><datafield ind1=' ' ind2=' ' tag='852'><subfield code='8'>2213126600008216</subfield><subfield code='j'>1</subfield><subfield code='b'>KR_4_4</subfield><subfield code='p'>KR_4_0012432</subfield><subfield code='c'>KR_4_4_1</subfield></datafield><datafield ind1=' ' ind2=' ' tag='852'><subfield code='8'>225396920008216</subfield><subfield code='j'>1</subfield><subfield code='b'>KR_6_3</subfield><subfield code='p'>257000192185</subfield><subfield code='c'>POLI_KS</subfield></datafield><datafield ind1=' ' ind2=' ' tag='920'><subfield code='a'>83-7341-576-9</subfield></datafield></record>
  </collection>
</resp>
